[Event "España ch 2008 sub 18"]
[Site "Padrón ESP"]
[Date "2008.07.27"]
[Round "1.1"]
[White "Salgado Lopez, Ivan"]
[Black "Villanueva Arguinberri, Bruno"]
[Result "1-0"]
[WhiteElo "2532"]
[BlackElo "1981"]
[PlyCount "63"]
[EventDate "2008.07.27"]
[EventType "swiss"]
[EventRounds "9"]
[EventCountry "ESP"]
[Source "lmi"]
[SourceDate "2008.07.27"]

1. d4 d5 2. c4 e6 3. Nf3 Nf6 4. g3 Be7 5. Bg2 O-O 6. O-O Ne4 7. Nc3 f5 8. Ne5
c6 9. Qb3 Qb6 10. Nxe4 fxe4 11. Qc3 c5 12. Be3 cxd4 13. Bxd4 Bc5 14. Bxc5 Qxc5
15. b4 Qc7 16. Rac1 Nd7 17. Nxd7 Bxd7 18. Qd4 Qb6 19. c5 Qc7 20. f4 Rfc8 21.
Rc2 Qd8 22. Rd2 Be8 23. Bh3 Bf7 24. f5 exf5 25. Bxf5 Rc7 26. Bxe4 Rd7 27. Rxf7
Kxf7 28. Bxd5+ Ke8 29. c6 Rxd5 30. Qe4+ Qe7 31. cxb7 Rad8 32. Qxe7+ 1-0

[Event "España ch 2008 sub 18"]
[Site "Padrón ESP"]
[Date "2008.07.27"]
[Round "1.2"]
[White "Olmo Vega, Diego"]
[Black "Cabrera Trujillo, Jorge"]
[Result "0-1"]
[WhiteElo "1978"]
[BlackElo "2423"]
[PlyCount "54"]
[EventDate "2008.07.27"]
[EventType "swiss"]
[EventRounds "9"]
[EventCountry "ESP"]
[Source "lmi"]
[SourceDate "2008.07.27"]

1. e4 c5 2. Nf3 d6 3. d4 Nf6 4. Nc3 cxd4 5. Nxd4 a6 6. f3 e5 7. Nb3 Be6 8. Be3
Be7 9. Qd2 O-O 10. O-O-O Nbd7 11. g4 b5 12. Kb1 Nb6 13. Na5 Qc7 14. g5 Nh5 15.
Ne2 d5 16. Ng3 Nf4 17. h4 dxe4 18. fxe4 Rfd8 19. Qe1 Bg4 20. Rc1 Rac8 21. Be2
Nxe2 22. Nxe2 Na4 23. Nb3 Bxe2 24. Qxe2 Ba3 25. Bd2 Bxb2 26. Ba5 Bxc1 27. Kxc1
Qd6 0-1

[Event "España ch 2008 sub 18"]
[Site "Padrón ESP"]
[Date "2008.07.27"]
[Round "1.3"]
[White "Vila Gazquez, Xavier"]
[Black "Jimenez Capilla, Martin R"]
[Result "1-0"]
[WhiteElo "2419"]
[BlackElo "1977"]
[PlyCount "51"]
[EventDate "2008.07.27"]
[EventType "swiss"]
[EventRounds "9"]
[EventCountry "ESP"]
[Source "lmi"]
[SourceDate "2008.07.27"]

1. d4 d5 2. Nf3 Nf6 3. c4 c6 4. Qb3 dxc4 5. Qxc4 Bf5 6. g3 Nbd7 7. Bg2 Nb6 8.
Qb3 e6 9. O-O Be7 10. Nc3 O-O 11. Re1 Ne4 12. Rd1 a5 13. a4 Nd5 14. Ne5 Nd6 15.
f3 Nb4 16. e4 Bg6 17. f4 Qc8 18. Be3 b5 19. Rac1 Qb7 20. g4 bxa4 21. Qxa4 f6
22. Nxg6 hxg6 23. Qb3 Kf7 24. f5 Qd7 25. Na4 Nc8 26. d5 1-0

[Event "España ch 2008 sub 18"]
[Site "Padrón ESP"]
[Date "2008.07.27"]
[Round "1.4"]
[White "Picazo Lopez, Ignacio"]
[Black "Recuero Guerra, David"]
[Result "0-1"]
[WhiteElo "1973"]
[BlackElo "2417"]
[PlyCount "40"]
[EventDate "2008.07.27"]
[EventType "swiss"]
[EventRounds "9"]
[EventCountry "ESP"]
[Source "lmi"]
[SourceDate "2008.07.27"]

1. e4 c5 2. Nf3 d6 3. d4 cxd4 4. Nxd4 Nf6 5. Nc3 Nc6 6. Be2 g6 7. Be3 Bg7 8.
O-O O-O 9. Kh1 a6 10. f4 Bd7 11. Bf3 Rc8 12. a4 Na5 13. e5 Ne8 14. exd6 Nxd6
15. Qe1 Nac4 16. Bd5 Nxb2 17. Ne4 Nxe4 18. Bxe4 Bxa4 19. Qb4 Nc4 20. Rxa4 Nxe3
0-1

[Event "España ch 2008 sub 18"]
[Site "Padrón ESP"]
[Date "2008.07.27"]
[Round "1.5"]
[White "Alonso Rosell, Alvar"]
[Black "Alshameary Puente, Ismael"]
[Result "1-0"]
[WhiteElo "2393"]
[BlackElo "1951"]
[PlyCount "61"]
[EventDate "2008.07.27"]
[EventType "swiss"]
[EventRounds "9"]
[EventCountry "ESP"]
[Source "lmi"]
[SourceDate "2008.07.27"]

1. d4 Nf6 2. c4 Nc6 3. Nf3 e6 4. g3 d5 5. Bg2 Bb4+ 6. Bd2 Bxd2+ 7. Nbxd2 O-O 8.
O-O Ne4 9. e3 f5 10. Qc2 g5 11. a3 a5 12. Ne1 a4 13. Rd1 Nxd2 14. Rxd2 Na5 15.
cxd5 exd5 16. Nd3 Nc4 17. Re2 c6 18. f4 b6 19. Rfe1 Ba6 20. Qxa4 Qd6 21. Qb4
gxf4 22. exf4 Qf6 23. Ne5 Rfd8 24. b3 Nxa3 25. Ra2 Nb5 26. Rea1 Bb7 27. Rxa8
Rxa8 28. Rxa8+ Bxa8 29. Bxd5+ Kg7 30. Bf3 Qd8 31. d5 1-0

[Event "España ch 2008 sub 18"]
[Site "Padrón ESP"]
[Date "2008.07.27"]
[Round "1.6"]
[White "Aboy Nieto, Pablo"]
[Black "Rubio Mejia, Luis Ignacio"]
[Result "1/2-1/2"]
[WhiteElo "1949"]
[BlackElo "2386"]
[PlyCount "64"]
[EventDate "2008.07.27"]
[EventType "swiss"]
[EventRounds "9"]
[EventCountry "ESP"]
[Source "lmi"]
[SourceDate "2008.07.27"]

1. e3 Nf6 2. b3 c5 3. Bb2 Nc6 4. Nf3 e6 5. Be2 Be7 6. O-O O-O 7. c4 b6 8. d3
Bb7 9. Nbd2 Rc8 10. a3 d5 11. Qc2 Qc7 12. e4 dxe4 13. dxe4 e5 14. Rad1 Rfe8 15.
Bd3 Bd6 16. Rfe1 Nd4 17. Nxd4 exd4 18. Nf1 Qc6 19. f3 Bf4 20. Bc1 Nh5 21. Bxf4
Nxf4 22. Qd2 Qf6 23. Ng3 g6 24. Ne2 Nxd3 25. Qxd3 a6 26. a4 Rcd8 27. Qd2 b5 28.
Nf4 bxc4 29. bxc4 Re7 30. Nd3 Rc7 31. Qa5 Rdc8 32. Rb1 Qe6 1/2-1/2

[Event "España ch 2008 sub 18"]
[Site "Padrón ESP"]
[Date "2008.07.27"]
[Round "1.7"]
[White "Valmana Canto, Jaime"]
[Black "Jimenez Serna, Alvaro"]
[Result "1-0"]
[WhiteElo "2376"]
[BlackElo "1947"]
[PlyCount "77"]
[EventDate "2008.07.27"]
[EventType "swiss"]
[EventRounds "9"]
[EventCountry "ESP"]
[Source "lmi"]
[SourceDate "2008.07.27"]

1. d4 Nf6 2. Nf3 e6 3. e3 b6 4. Bd3 Bb7 5. Nbd2 Be7 6. O-O O-O 7. e4 d6 8. c4
c5 9. d5 Nbd7 10. Qc2 h6 11. Re1 Ng4 12. h3 Nge5 13. Nxe5 Nxe5 14. f4 Nxd3 15.
Qxd3 Qd7 16. Nf3 Ba6 17. Bd2 b5 18. Bc3 bxc4 19. Qd2 exd5 20. Qxd5 Qe6 21. Qc6
Qc8 22. Qa4 Qb7 23. Qc2 Rad8 24. f5 d5 25. f6 Bxf6 26. Bxf6 gxf6 27. Nh4 Qc7
28. exd5 Rxd5 29. Nf5 Rd3 30. Nxh6+ Kh8 31. Qf2 Qg3 32. Qxf6+ Qg7 33. Qxa6 Qd4+
34. Kh1 Qf4 35. Ng4 Rxh3+ 36. gxh3 Qf3+ 37. Kh2 Qf4+ 38. Kg2 Qd2+ 39. Kg3 1-0

[Event "España ch 2008 sub 18"]
[Site "Padrón ESP"]
[Date "2008.07.27"]
[Round "1.8"]
[White "Cucarella Montell, Angels"]
[Black "Arribas Lopez, Angel"]
[Result "1/2-1/2"]
[WhiteElo "1941"]
[BlackElo "2332"]
[PlyCount "122"]
[EventDate "2008.07.27"]
[EventType "swiss"]
[EventRounds "9"]
[EventCountry "ESP"]
[Source "lmi"]
[SourceDate "2008.07.27"]

1. e4 c5 2. Nf3 e6 3. d4 cxd4 4. Nxd4 Nc6 5. Nc3 a6 6. g3 Qc7 7. Bg2 Nf6 8. O-O
Nxd4 9. Qxd4 Bc5 10. Qd3 d6 11. Na4 Nd7 12. Nxc5 Nxc5 13. Qc3 e5 14. a4 b6 15.
Rd1 Ke7 16. Be3 Rb8 17. a5 bxa5 18. Rxa5 Ne6 19. Qa3 Rb5 20. Ra4 Rd8 21. c4 Rb8
22. Rd5 f6 23. Rb4 Rxb4 24. Qxb4 Qc6 25. f4 Kf7 26. Qd2 Qxc4 27. Rxd6 Rxd6 28.
Qxd6 Qe2 29. Qd2 Qc4 30. Qd6 Qe2 31. Qd2 Qxd2 32. Bxd2 Bb7 33. fxe5 fxe5 34.
Kf2 Nc5 35. Ke3 Na4 36. b4 Bc6 37. Bc1 Ke6 38. Bf3 Bb5 39. Bd1 Nb6 40. h4 Kd6
41. Kd2 Nd7 42. Kc3 h6 43. Bg4 Nf6 44. Bf3 Bc6 45. Kd3 Bb5+ 46. Kc3 Nh7 47. Be3
Ke6 48. Bg4+ Kf6 49. Bc5 g6 50. Bb6 h5 51. Bd1 Nf8 52. Bd8+ Kg7 53. Bb3 Nd7 54.
Bc7 Kf6 55. Bd8+ Kg7 56. Bc7 Kf8 57. Be6 Nf6 58. Bd5 Ng4 59. Be6 Nf2 60. Bd5
Ng4 61. Be6 Nf2 1/2-1/2

[Event "España ch 2008 sub 18"]
[Site "Padrón ESP"]
[Date "2008.07.27"]
[Round "1.9"]
[White "Espinosa Aranda, Angel"]
[Black "Calle Moreau, Jose Domingo"]
[Result "1-0"]
[WhiteElo "2313"]
[BlackElo "1940"]
[PlyCount "87"]
[EventDate "2008.07.27"]
[EventType "swiss"]
[EventRounds "9"]
[EventCountry "ESP"]
[Source "lmi"]
[SourceDate "2008.07.27"]

1. e4 c5 2. Nf3 Nc6 3. Nc3 g6 4. d4 cxd4 5. Nxd4 Bg7 6. Be3 d6 7. Qd2 Nf6 8. f3
O-O 9. O-O-O Bd7 10. g4 Rc8 11. h4 Ne5 12. Kb1 h5 13. g5 Ne8 14. f4 Nc4 15.
Bxc4 Rxc4 16. Qd3 Rc8 17. f5 Kh7 18. Rhf1 Nc7 19. Nde2 b5 20. f6 exf6 21. Qxd6
Bh3 22. Qf4 fxg5 23. hxg5 Qe7 24. Rh1 Qe6 25. Qg3 b4 26. Nf4 Qg4 27. Qxh3 Qxh3
28. Rxh3 bxc3 29. b3 Rcd8 30. Rhh1 Ne6 31. Nxe6 fxe6 32. Bxa7 Rxd1+ 33. Rxd1
Rf4 34. a4 Rxe4 35. a5 h4 36. a6 Rf4 37. Bb8 Rf5 38. a7 Ra5 39. b4 Ra4 40. b5
Bf8 41. b6 Bc5 42. b7 Bxa7 43. Rd7+ Kg8 44. Bxa7 1-0

[Event "España ch 2008 sub 18"]
[Site "Padrón ESP"]
[Date "2008.07.27"]
[Round "1.10"]
[White "Galan Martin, Alejandro"]
[Black "Moreno Gracia, Daniel"]
[Result "0-1"]
[WhiteElo "1925"]
[BlackElo "2292"]
[PlyCount "114"]
[EventDate "2008.07.27"]
[EventType "swiss"]
[EventRounds "9"]
[EventCountry "ESP"]
[Source "lmi"]
[SourceDate "2008.07.27"]

1. e4 c5 2. Nf3 d6 3. d4 Nf6 4. Nc3 cxd4 5. Nxd4 a6 6. Bg5 e6 7. f4 Nbd7 8. Qf3
Qc7 9. O-O-O b5 10. g4 Bb7 11. Bxf6 gxf6 12. Bd3 Rc8 13. Rhe1 Nb6 14. Qg3 Be7
15. h4 Nc4 16. Bxc4 Qxc4 17. Qd3 b4 18. Qxc4 Rxc4 19. Na4 Rg8 20. b3 Rc7 21. g5
fxg5 22. hxg5 e5 23. fxe5 dxe5 24. Nf5 Rxg5 25. Nxe7 Kxe7 26. Rd2 Rg4 27. Rde2
a5 28. Nb6 f6 29. Na4 h5 30. Nb2 Ke6 31. Nd1 h4 32. Kb2 h3 33. Nf2 Rh4 34. Rh1
h2 35. a3 f5 36. Nd1 Rch7 37. Nf2 Bxe4 38. Nxe4 fxe4 39. axb4 axb4 40. c3 Kf5
41. cxb4 Kf4 42. Kc2 e3 43. Kd3 Rd7+ 44. Kc3 Rd2 45. Rf1+ Ke4 46. Ree1 Rf4 47.
Rh1 Rff2 48. b5 Rd3+ 49. Kb4 Rb2 50. Ka5 Rdxb3 51. Kb6 Rxb5+ 52. Kc6 Rb6+ 53.
Kc5 Rg6 54. Kc4 Rc2+ 55. Kb3 Rc8 56. Kb4 Rb6+ 57. Ka5 Rb2 0-1

[Event "España ch 2008 sub 18"]
[Site "Padrón ESP"]
[Date "2008.07.27"]
[Round "1.11"]
[White "Senlle Caride, Miguel"]
[Black "Cubillo Munoz, Miguel"]
[Result "1-0"]
[WhiteElo "2289"]
[BlackElo "1923"]
[PlyCount "71"]
[EventDate "2008.07.27"]
[EventType "swiss"]
[EventRounds "9"]
[EventCountry "ESP"]
[Source "lmi"]
[SourceDate "2008.07.27"]

1. e4 c5 2. Nf3 Nc6 3. Nc3 g6 4. d4 cxd4 5. Nxd4 Bg7 6. Nb3 Nf6 7. g4 d6 8. g5
Nd7 9. Be3 a6 10. Qd2 Nde5 11. Be2 b5 12. O-O-O Rb8 13. Nd4 Bd7 14. Nd5 Nc4 15.
Bxc4 bxc4 16. h4 e6 17. Nf6+ Bxf6 18. gxf6 Qxf6 19. f4 Nb4 20. Kb1 Ba4 21. e5
Qd8 22. exd6 Nd5 23. Ne2 Qxd6 24. Bd4 O-O 25. Be5 Qb4 26. Bxb8 c3 27. Nxc3 Rxb8
28. Nxa4 Qxa4 29. Rh3 Rd8 30. Rd3 Rc8 31. f5 Qxh4 32. fxe6 fxe6 33. Rxd5 exd5
34. Qxd5+ Kf8 35. Rf1+ Ke8 36. Qf7+ 1-0

[Event "España ch 2008 sub 18"]
[Site "Padrón ESP"]
[Date "2008.07.27"]
[Round "1.12"]
[White "Zapata Lopez, Julio"]
[Black "Mestre Bellido, Hector"]
[Result "0-1"]
[WhiteElo "1921"]
[BlackElo "2284"]
[PlyCount "96"]
[EventDate "2008.07.27"]
[EventType "swiss"]
[EventRounds "9"]
[EventCountry "ESP"]
[Source "lmi"]
[SourceDate "2008.07.27"]

1. c4 e5 2. Nc3 Nc6 3. g3 g6 4. Bg2 Bg7 5. e3 d6 6. Nge2 f5 7. d3 Nf6 8. O-O
O-O 9. Rb1 a5 10. a3 Kh8 11. b4 axb4 12. axb4 g5 13. f4 gxf4 14. gxf4 Rg8 15.
Qe1 Qe8 16. Ng3 exf4 17. exf4 Ng4 18. Nce2 Ra2 19. Bd2 Ne3 20. Rf3 Nxg2 21.
Kxg2 b6 22. Re3 Qg6 23. Bc3 Nd4 24. Rb2 Rxb2 25. Bxb2 Nc2 26. Bxg7+ Qxg7 27.
Qd2 Nxe3+ 28. Qxe3 Bd7 29. Qd4 Qxd4 30. Nxd4 Rf8 31. b5 Kg7 32. Nge2 Ra8 33.
Kf3 Ra3 34. Ke3 Kg6 35. Ng3 Ra2 36. Nf3 Bc8 37. h3 Kf6 38. Nh5+ Kf7 39. Ng5+
Kg6 40. Ng3 Rh2 41. Nf3 Rxh3 42. Kf2 Kf6 43. Kg2 Rh6 44. Ng5 Bb7+ 45. Kf2 Rh2+
46. Ke3 h6 47. Nf3 Bxf3 48. Kxf3 h5 0-1

[Event "España ch 2008 sub 18"]
[Site "Padrón ESP"]
[Date "2008.07.27"]
[Round "1.13"]
[White "Dominguez Pons, Eric"]
[Black "Ladron De Guevara Pinto, Paolo"]
[Result "1-0"]
[WhiteElo "2259"]
[BlackElo "1915"]
[PlyCount "109"]
[EventDate "2008.07.27"]
[EventType "swiss"]
[EventRounds "9"]
[EventCountry "ESP"]
[Source "lmi"]
[SourceDate "2008.07.27"]

1. e4 e6 2. d4 d5 3. Nc3 Bb4 4. Bd3 b6 5. Nf3 c5 6. dxc5 bxc5 7. exd5 exd5 8.
Bb5+ Bd7 9. Bxd7+ Qxd7 10. O-O Ne7 11. Ne5 Qb7 12. Na4 Na6 13. Nd3 Rc8 14. a3
Ba5 15. Naxc5 Nxc5 16. Nxc5 Rxc5 17. b4 Rc4 18. bxa5 O-O 19. Bd2 Rfc8 20. Bb4
Ng6 21. Re1 h6 22. c3 d4 23. cxd4 Qd5 24. Bc5 Nf4 25. Qf3 Qxf3 26. gxf3 a6 27.
Rad1 Rc2 28. Kf1 Rd8 29. Bb6 Rd5 30. Re5 Rxe5 31. dxe5 Rc3 32. Be3 Ng6 33. e6
fxe6 34. Rd6 Kf7 35. Rd7+ Kg8 36. Rxg7+ Kxg7 37. Bd4+ Kf7 38. Bxc3 Ke7 39. Ke2
Kd6 40. Ke3 Kd5 41. Bf6 e5 42. Bd8 Nf8 43. Bh4 Ne6 44. Bg3 Nd4 45. f4 e4 46. f5
Nxf5+ 47. Kf4 Nxg3 48. Kxg3 Kd4 49. Kf4 Kd3 50. h4 Kd4 51. h5 Kd5 52. Kf5 Kd4
53. Ke6 Kc4 54. Ke5 Kd3 55. Kd5 1-0

[Event "España ch 2008 sub 18"]
[Site "Padrón ESP"]
[Date "2008.07.27"]
[Round "1.14"]
[White "Riera Morilla, Elizabeth"]
[Black "Robles Garcia, Claudia"]
[Result "1/2-1/2"]
[WhiteElo "1915"]
[BlackElo "2256"]
[PlyCount "72"]
[EventDate "2008.07.27"]
[EventType "swiss"]
[EventRounds "9"]
[EventCountry "ESP"]
[Source "lmi"]
[SourceDate "2008.07.27"]

1. e4 c5 2. Nf3 d6 3. d4 cxd4 4. Nxd4 Nf6 5. Nc3 a6 6. Be2 e5 7. Nb3 Be7 8. O-O
O-O 9. Kh1 Nc6 10. f4 exf4 11. Bxf4 Be6 12. Nd4 Ne5 13. Nf5 Bxf5 14. exf5 Qb6
15. Rb1 Rac8 16. Bg5 Ned7 17. Bf3 Rfe8 18. Bxf6 Nxf6 19. Nd5 Nxd5 20. Bxd5 Bf6
21. c4 Rc7 22. Qd2 Rce7 23. Rbe1 h6 24. Rxe7 Rxe7 25. b3 Bg5 26. Qd1 Qe3 27. g3
Qe5 28. Bg2 b5 29. Qd5 Qxd5 30. Bxd5 b4 31. Kg2 Bf6 32. Rf2 Bd4 33. Rd2 Bc3 34.
Rf2 Re5 35. g4 Bd4 36. Rd2 Bc3 1/2-1/2

[Event "España ch 2008 sub 18"]
[Site "Padrón ESP"]
[Date "2008.07.27"]
[Round "1.15"]
[White "Chueca Forcen, Alberto"]
[Black "Juez Villar, Erik"]
[Result "1-0"]
[WhiteElo "2254"]
[BlackElo "1912"]
[PlyCount "89"]
[EventDate "2008.07.27"]
[EventType "swiss"]
[EventRounds "9"]
[EventCountry "ESP"]
[Source "lmi"]
[SourceDate "2008.07.27"]

1. d4 Nf6 2. Bg5 d5 3. Bxf6 exf6 4. g3 Be6 5. Bg2 c6 6. e3 Bd6 7. Nd2 f5 8. Ne2
Nd7 9. Rc1 Nf6 10. c4 O-O 11. c5 Be7 12. O-O Ne4 13. b4 Nxd2 14. Qxd2 b5 15. a4
bxa4 16. Nc3 Rb8 17. Nxa4 Bc8 18. Ra1 Ba6 19. Rfb1 Qc7 20. Nc3 Bb5 21. Nxb5
Rxb5 22. Ra4 a5 23. Bf1 Rxb4 24. Raxb4 axb4 25. Qxb4 Ra8 26. Qb6 Bd8 27. Qxc7
Bxc7 28. Rb7 Bd8 29. Rd7 g5 30. Rd6 f4 31. Rxc6 fxe3 32. fxe3 g4 33. Ba6 Bg5
34. Kf2 Kg7 35. Rb6 Ra7 36. Ke2 h5 37. e4 Bd8 38. Rd6 Bc7 39. Rc6 dxe4 40. d5
h4 41. d6 hxg3 42. hxg3 Bd8 43. Ke3 Kf6 44. Kxe4 Kg6 45. Ke5 1-0

[Event "España ch 2008 sub 18"]
[Site "Padrón ESP"]
[Date "2008.07.27"]
[Round "1.16"]
[White "Torres Leao-Coelho, Ana"]
[Black "Barbero Senidic, Alejandro"]
[Result "1/2-1/2"]
[WhiteElo "1909"]
[BlackElo "2244"]
[PlyCount "107"]
[EventDate "2008.07.27"]
[EventType "swiss"]
[EventRounds "9"]
[EventCountry "ESP"]
[Source "lmi"]
[SourceDate "2008.07.27"]

1. b3 d5 2. Bb2 c5 3. e3 Nf6 4. Nf3 a6 5. d4 Bg4 6. Be2 e6 7. c4 cxd4 8. Nxd4
Bb4+ 9. Nc3 Qa5 10. O-O Bxe2 11. Ncxe2 dxc4 12. Qc2 O-O 13. Qxc4 Nbd7 14. a3
Bd6 15. b4 Qh5 16. Nf3 Rac8 17. Qd3 Bb8 18. Ng3 Qg6 19. Qxg6 hxg6 20. Rac1 Nb6
21. Rxc8 Rxc8 22. Rc1 Rxc1+ 23. Bxc1 Bxg3 24. hxg3 Ne4 25. Kf1 Kf8 26. Ke2 Ke7
27. Ne5 g5 28. Nd3 Kd6 29. g4 Na4 30. f3 Nf6 31. e4 Nh7 32. Nb2 Nxb2 33. Bxb2
f6 34. Bd4 Kc6 35. a4 Nf8 36. Kd3 b6 37. Kc4 Nd7 38. a5 bxa5 39. bxa5 g6 40.
Bc3 e5 41. Bb4 Nb8 42. Ba3 Kd7 43. Kc5 Kc7 44. Kd5 Kd7 45. Bc5 Nc6 46. Bb6 Nb4+
47. Kc4 Nc6 48. g3 Kd6 49. Kc3 Ke6 50. Kd3 Kd7 51. Kc4 Kd6 52. Bc5+ Ke6 53. Bb6
Kd6 54. Bc5+ 1/2-1/2

[Event "España ch 2008 sub 18"]
[Site "Padrón ESP"]
[Date "2008.07.27"]
[Round "1.17"]
[White "Hernandez Leon, Alberto"]
[Black "Ruiz De La Torre Perez, Cristina"]
[Result "1-0"]
[WhiteElo "2236"]
[BlackElo "1908"]
[PlyCount "95"]
[EventDate "2008.07.27"]
[EventType "swiss"]
[EventRounds "9"]
[EventCountry "ESP"]
[Source "lmi"]
[SourceDate "2008.07.27"]

1. e4 e5 2. Nf3 Nc6 3. Bb5 a6 4. Ba4 Nf6 5. O-O b5 6. Bb3 Be7 7. Re1 O-O 8. h3
d6 9. c3 Na5 10. Bc2 c5 11. d4 Nc6 12. d5 Nb8 13. a4 b4 14. c4 Ne8 15. Nbd2 f5
16. exf5 Bxf5 17. Bxf5 Rxf5 18. Ne4 h6 19. Qd3 Rf8 20. Nxe5 dxe5 21. d6 Nc6 22.
Qd5+ Kh8 23. dxe7 Nxe7 24. Qxc5 Ng6 25. Be3 Nf6 26. Nxf6 Qxf6 27. Qb6 Qf5 28.
Qxb4 Nh4 29. Kh2 Rf6 30. f3 Qc2 31. Qd2 Qxc4 32. Qe2 Qf7 33. Bf2 Ng6 34. Bg3
Re8 35. Rac1 Rfe6 36. Qe4 Qf6 37. b4 Qg5 38. Rc5 Qd2 39. Re2 Qd6 40. Rec2 Qd7
41. Rc6 Rxc6 42. Qxc6 Qf7 43. Qxa6 Nf4 44. Qc4 Qf5 45. a5 Nh5 46. Qe4 Nxg3 47.
Kxg3 Qg5+ 48. Kh2 1-0

[Event "España ch 2008 sub 18"]
[Site "Padrón ESP"]
[Date "2008.07.27"]
[Round "1.18"]
[White "Jimenez Lupianez, Laura"]
[Black "Camacho Collados, Marcos"]
[Result "0-1"]
[WhiteElo "1901"]
[BlackElo "2230"]
[PlyCount "80"]
[EventDate "2008.07.27"]
[EventType "swiss"]
[EventRounds "9"]
[EventCountry "ESP"]
[Source "lmi"]
[SourceDate "2008.07.27"]

1. d4 Nf6 2. c4 g6 3. Nc3 Bg7 4. e4 d6 5. Nf3 O-O 6. Be2 Na6 7. O-O e5 8. Be3
Ng4 9. Bg5 Qe8 10. dxe5 dxe5 11. h3 f6 12. Bd2 Nh6 13. c5 Nxc5 14. Qc1 Nf7 15.
Nd5 Ne6 16. Nxc7 Nxc7 17. Qxc7 Nd8 18. b4 Rf7 19. Qc3 Bf8 20. Rfc1 Be6 21. Qb2
b5 22. Be3 Nb7 23. Rc2 Nd6 24. Nd2 a5 25. a3 axb4 26. axb4 Ra4 27. f3 Qa8 28.
Rcc1 Rxa1 29. Rxa1 Qc8 30. Rc1 Rc7 31. Rxc7 Qxc7 32. Bc5 Nc4 33. Nxc4 Bxc5+ 34.
bxc5 Qxc5+ 35. Kh2 bxc4 36. Qb8+ Kg7 37. Bd1 c3 38. Bc2 Bc4 39. Qd8 Bf1 40.
Qd7+ Kh6 0-1

[Event "España ch 2008 sub 18"]
[Site "Padrón ESP"]
[Date "2008.07.27"]
[Round "1.19"]
[White "Fernandez Borrego, Pablo"]
[Black "Almagro Guardia, Elena"]
[Result "1-0"]
[WhiteElo "2229"]
[BlackElo "1895"]
[PlyCount "85"]
[EventDate "2008.07.27"]
[EventType "swiss"]
[EventRounds "9"]
[EventCountry "ESP"]
[Source "lmi"]
[SourceDate "2008.07.27"]

1. c4 e6 2. Nf3 d5 3. g3 Nf6 4. Bg2 Be7 5. O-O O-O 6. b3 Nbd7 7. Bb2 b6 8. Nc3
Bb7 9. Rc1 c5 10. cxd5 Nxd5 11. Nxd5 Bxd5 12. Qc2 Rc8 13. Rfd1 Bf6 14. Bxf6
Qxf6 15. d4 Rfd8 16. b4 c4 17. e4 Ba8 18. b5 Qe7 19. Nd2 Nf6 20. e5 Nd5 21.
Nxc4 Nb4 22. Qb3 Bxg2 23. Kxg2 Nd5 24. Nd6 Rxc1 25. Rxc1 Qg5 26. Rc2 Qg4 27.
Qf3 Qg6 28. Rc4 h6 29. Qe4 Qh5 30. h4 Qd1 31. Qf3 Qxf3+ 32. Kxf3 Kf8 33. Ke4
f5+ 34. Kd3 g5 35. hxg5 hxg5 36. Rc8 Rxc8 37. Nxc8 Nb4+ 38. Kc4 Nxa2 39. Nxa7
Ke8 40. Nc8 Kd8 41. Nxb6 Kc7 42. Na4 Nc1 43. Nc5 1-0

[Event "España ch 2008 sub 18"]
[Site "Padrón ESP"]
[Date "2008.07.27"]
[Round "1.20"]
[White "Tirapo Larcuen, Ana"]
[Black "Garcia Moreno, Carlos"]
[Result "0-1"]
[WhiteElo "1880"]
[BlackElo "2176"]
[PlyCount "60"]
[EventDate "2008.07.27"]
[EventType "swiss"]
[EventRounds "9"]
[EventCountry "ESP"]
[Source "lmi"]
[SourceDate "2008.07.27"]

1. e4 e5 2. Nf3 Nc6 3. Bb5 a6 4. Ba4 Nf6 5. d3 b5 6. Bb3 Be7 7. Nbd2 O-O 8. c3
d6 9. Nf1 h6 10. Ne3 Na5 11. Bc2 c5 12. O-O Re8 13. Re1 Bf8 14. Bd2 Rb8 15. Nd5
Be6 16. Nxf6+ Qxf6 17. Be3 Red8 18. b4 cxb4 19. cxb4 Nc6 20. a3 d5 21. Qb1 dxe4
22. dxe4 a5 23. bxa5 Nxa5 24. Nd2 b4 25. axb4 Bxb4 26. Qc1 Nc4 27. Re2 Bg4 28.
Nf3 Bxf3 29. gxf3 Qxf3 30. Bd1 Rd6 0-1

[Event "España ch 2008 sub 18"]
[Site "Padrón ESP"]
[Date "2008.07.27"]
[Round "1.21"]
[White "Gago Padreny, Ignacio"]
[Black "Arce Calva, Elvira"]
[Result "1-0"]
[WhiteElo "2169"]
[BlackElo "1876"]
[PlyCount "93"]
[EventDate "2008.07.27"]
[EventType "swiss"]
[EventRounds "9"]
[EventCountry "ESP"]
[Source "lmi"]
[SourceDate "2008.07.27"]

1. d4 d5 2. Nf3 Nf6 3. c4 c6 4. Nc3 Bf5 5. e3 e6 6. Nh4 Bg6 7. Nxg6 hxg6 8. g3
Be7 9. Bg2 Nbd7 10. Qe2 O-O 11. O-O Qc7 12. e4 dxe4 13. Nxe4 Nxe4 14. Qxe4 Nf6
15. Qe2 Rfd8 16. Bf4 Bd6 17. Bg5 Be7 18. Rad1 Rd7 19. b3 Rad8 20. Be3 Qa5 21.
h3 Ne8 22. Rd2 Bf6 23. Rfd1 Nc7 24. h4 Ne8 25. Bh3 Qh5 26. Bg4 Qa5 27. Rd3 Qc7
28. R1d2 Be7 29. Bf4 Qa5 30. d5 cxd5 31. cxd5 Rxd5 32. Rxd5 Rxd5 33. Bxe6 Rxd2
34. Bxd2 Qxa2 35. Bc4 Qa1+ 36. Kh2 Qf6 37. Bg5 Qd4 38. Bxf7+ Kxf7 39. Qxe7+ Kg8
40. Qxe8+ Kh7 41. Be3 Qd5 42. b4 a6 43. Qe7 Qc4 44. Qc5 Qe2 45. Bd4 Qe4 46. Qd6
Qe8 47. Qc7 1-0

[Event "España ch 2008 sub 18"]
[Site "Padrón ESP"]
[Date "2008.07.27"]
[Round "1.22"]
[White "Renilla Merchan, Andres"]
[Black "Garcia Blanco, Omar"]
[Result "0-1"]
[WhiteElo "1867"]
[BlackElo "2169"]
[PlyCount "50"]
[EventDate "2008.07.27"]
[EventType "swiss"]
[EventRounds "9"]
[EventCountry "ESP"]
[Source "lmi"]
[SourceDate "2008.07.27"]

1. e4 c5 2. Nc3 g6 3. Nge2 Bg7 4. d4 cxd4 5. Nxd4 Nc6 6. Be3 Nf6 7. f3 O-O 8.
Bc4 d5 9. Nxd5 Nxd5 10. Bxd5 Nxd4 11. Bxd4 Bxd4 12. Qxd4 e6 13. O-O-O exd5 14.
exd5 Qa5 15. Kb1 Rd8 16. g4 b6 17. h4 Bb7 18. c4 Rac8 19. h5 Qc5 20. Qf6 Rd6
21. Qe7 Qc7 22. Qh4 Qxc4 23. hxg6 Qc2+ 24. Ka1 Qxg6 25. f4 Bxd5 0-1

[Event "España ch 2008 sub 18"]
[Site "Padrón ESP"]
[Date "2008.07.27"]
[Round "1.23"]
[White "Herrera Reyes, Jose Antonio"]
[Black "Perez Castellano, Susana"]
[Result "1-0"]
[WhiteElo "2145"]
[BlackElo "1857"]
[PlyCount "121"]
[EventDate "2008.07.27"]
[EventType "swiss"]
[EventRounds "9"]
[EventCountry "ESP"]
[Source "lmi"]
[SourceDate "2008.07.27"]

1. Nc3 d5 2. e4 d4 3. Nce2 e5 4. Nf3 Bd6 5. Ng3 Nf6 6. d3 Nbd7 7. Nf5 O-O 8. a3
Re8 9. Bg5 Nf8 10. g4 c5 11. h4 Bxf5 12. gxf5 h6 13. Bd2 N8d7 14. Rg1 Kh7 15.
Be2 c4 16. Ng5+ Kg8 17. Nh3 Kh7 18. dxc4 Nxe4 19. Rh1 Ndf6 20. Kf1 Qd7 21. Ng5+
hxg5 22. hxg5+ Kg8 23. gxf6 Qxf5 24. Rh2 Qxf6 25. Rg2 Nxd2+ 26. Qxd2 e4 27. Qg5
Qxg5 28. Rxg5 e3 29. f3 Re5 30. Rxe5 Bxe5 31. Bd3 Re8 32. Ke2 g6 33. Be4 b6 34.
Rg1 Kg7 35. Kd3 Rd8 36. b4 Bd6 37. Rg5 Be7 38. Re5 Kf6 39. Rb5 Rc8 40. a4 Rh8
41. c3 Rh2 42. cxd4 e2 43. Kd2 Kg7 44. Bd3 e1=Q+ 45. Kxe1 Bh4+ 46. Kd1 Rf2 47.
Be2 Rg2 48. a5 Rg1+ 49. Kd2 bxa5 50. bxa5 Ra1 51. Kd3 Bd8 52. c5 Bxa5 53. d5
Kf6 54. Kd4 Ra2 55. Bd3 Ra4+ 56. Bc4 Bd8 57. d6 Ra1 58. Rb7 Rd1+ 59. Bd3 Ke6
60. Rxa7 Rc1 61. Bc4+ 1-0